Heft 1 (1980) : europäisch-afrikanische literatur-beziehungen

Na minha lista:
Detalhes bibliográficos
Formato: Livro
Idioma:Undetermined
Publicado em: Bayreuth Lorenz Ellwanger 1980
Assuntos:
Tags: Adicionar Tag
Sem tags, seja o primeiro a adicionar uma tag!

MARC

LEADER 00000nam a2200000Ia 4500
008 170316s9999 xx 000 0 und d
040 |a cru BVZT 
090 |a 830 H-4h 
245 |a Heft 1 (1980) : europäisch-afrikanische literatur-beziehungen 
260 |a Bayreuth 
260 |b Lorenz Ellwanger 
260 |c 1980 
300 |a 94 páginas 
650 |a LITERATURA ALEMANA 
650 |a ANTOLOGÍA 
999 |c 7353  |d 7353 
942 |c 15 D  |h 830 H-4h  |2 z